|
|
|
|
| LEADER |
00000nab#a22000007a#4500 |
| 001 |
arbauad037703 |
| 003 |
AR-BaUAD |
| 005 |
20250711112948.0 |
| 008 |
990629|||||||||###||||||b###|0###a|spa|| |
| 040 |
|
|
|a AR-BaUAD
|c AR-BaUAD
|b spa
|
| 100 |
|
|
|a Quaquaro, Benedetto
|
| 245 |
|
|
|a Metafora sulla collina /
|c Benedetto Quaquaro;
|
| 300 |
0 |
|
|b fot., plantas
|
| 653 |
|
|
|a GOURION, MICHEL
|
| 653 |
|
|
|a SISA, NEDIM
|
| 653 |
|
|
|a VIVIENDAS UNIFAMILIARES
|
| 653 |
|
|
|a NORMANDIA
|
| 773 |
0 |
|
|t L'ARCA
|g no. 136 [abr. 1999], p. 60-63
|
| 942 |
|
|
|c ARTI
|
| 952 |
|
|
|0 0
|1 0
|4 0
|7 0
|9 82622
|a AR-BAuAD
|b AR-BAuAD
|d 2025-07-11
|l 0
|p AAQA037703
|r 2025-07-11 11:29:48
|w 2025-07-11
|y ARTI
|
| 990 |
|
|
|a AQ199
|b TD
|
| 998 |
|
|
|a AAQ
|b BIBUN76
|
| 999 |
|
|
|c 62295
|d 62295
|